Úlohy a příklady z rozboru v hospodářskych organizacích
Guardado en:
| Autor principal: | |
|---|---|
| Autor Corporativo: | |
| Formato: | Libro |
| Lenguaje: | checo |
| Publicado: |
Praha
Státní pedagogické nakladatelství
1982
|
| Etiquetas: |
Sin Etiquetas, Sea el primero en etiquetar este registro!
|
MARC
| LEADER | 00000nam a2200000 4500 | ||
|---|---|---|---|
| 001 | c115916 | ||
| 005 | 20190201121536.6 | ||
| 041 | 0 | |a cze | |
| 044 | |a CZ | ||
| 245 | 1 | 0 | |a Úlohy a příklady z rozboru v hospodářskych organizacích |c Vilém Zavadil a kol. |
| 264 | 1 | |a Praha |b Státní pedagogické nakladatelství |c 1982 | |
| 300 | |a 253 s. | ||
| 100 | 1 | |a Zavadil, Vilém | |
| 710 | 2 | |a Vysoká škola ekonomická v Praze. Fakulta řízení | |